000 01415nam0a2200349 i 4500
001 RU\NLR\BIBL_A\010736723
005 20241103084505.0
021 _aRU
_b2015-17078
_91023
035 _a(NILC)LIBNET\0000539486
035 _aRUCML-BIBL-0001399496
035 _a(NLR Aleph) 010736723
090 _a9886003
_c9886003
100 _a20150422d2015 u y0rusy50 ca
101 0 _arus
102 _aRU
105 _ay|||g||||00yy
200 1 _aРоссийские врачи при Бородино 24-26 августа 1812 года
_eбиографический справочник
_fВ. С. Карташов
210 _aМосква
_cСпутник+
_d2015
215 _a109 с.
_d21
606 _aВоенные врачи
_jБиографические словари
_xУчастие в Бородинском сражении
_z1812
_92234983
_3RU\NLR\AUTH\6601573343
606 1 _aВрачи
_jБиографические словари
_yРоссия
_z19 в.
_92235148
_3RU\NLR\AUTH\6601573420
686 1 _aЦ35(2)471.621.4-76-243д
686 1 _aР.г(2)5я21
700 1 _aКарташов
_bВ. С.
_gВладислав Сергеевич
801 0 _aRU
_bЦНМБ
_c20150313
_gRCR
801 1 _aRU
_bЦНМБ
_c20150313
_2rusmarc
801 2 _aRU
_bЦНМБ
_c20150408
_2rusmarc
942 _cBOOK
980 _aNBR